000
00239nam a22001097a 4500
082
_a
684.08 HJO'M
100
_a
HJORTH, HERMAN
_9
15768
245
_a
MACHINE WOODWORKING
260
_a
MILEAUKEE
_b
BRUCE
_c
1947
300
_a
371P
942
_c
BK
999
_c
568353
_d
568353